Governor and good governance (Record no. 442813)

000 -LEADER
fixed length control field 00412cam a22001457a 4500
008 - FIXED-LENGTH DATA ELEMENTS--GENERAL INFORMATION
fixed length control field 180718b2011 xxu||||| |||| 00| 0 eng d
020 ## - INTERNATIONAL STANDARD BOOK NUMBER
International Standard Book Number 9788184841145
082 ## - DEWEY DECIMAL CLASSIFICATION NUMBER
Classification number I24x54 C344
100 ## - MAIN ENTRY--PERSONAL NAME
Personal name Chodha, Sanjeev Kumar
245 ## - TITLE STATEMENT
Title Governor and good governance
Statement of responsibility, etc. by Sanjeev Kumar Chodha
260 ## - PUBLICATION, DISTRIBUTION, ETC.
Place of publication, distribution, etc. New Delhi
Name of publisher, distributor, etc. Regal
Date of publication, distribution, etc. 2011
300 ## - PHYSICAL DESCRIPTION
Extent 200p.
650 ## - SUBJECT ADDED ENTRY--TOPICAL TERM
Topical term or geographic name entry element State governments --India
650 ## - SUBJECT ADDED ENTRY--TOPICAL TERM
Topical term or geographic name entry element Governors --India
Holdings
Withdrawn status Lost status Damaged status Not for loan Permanent Location Current Location Date acquired Full call number Barcode Date last seen Price effective from Koha item type
        Indian Institute of Public Administration Indian Institute of Public Administration 2012-08-30 I24x54 C344 84857 2018-07-21 2018-07-21 Book

Powered by Koha